书目信息 |
| 题名: |
房地产交易制度政策
|
|
| 作者: | 王全民 主编 ;中国房地产估价师与房地产经纪人学会 编写 | |
| 分册: | ||
| 出版信息: | 北京 中国建筑工业出版社 2022.02 |
|
| 页数: | 276页 | |
| 开本: | 23cm | |
| 丛书名: | 全国房地产经纪人职业资格考试用书 | |
| 单 册: | ||
| 中图分类: | F299.233.5 , F299.2 | |
| 科图分类: | ||
| 主题词: | 房地产业--fang di chan ye--经济制度--中国--资格考试--自学参考资料 , 房地产业--fang di chan ye--经济政策--中国--资格考试--自学参考资料 | |
| 电子资源: | ||
| ISBN: | 978-7-112-27095-8 | |
| 000 | 01432nam 2200289 450 | |
| 001 | 27345 | |
| 005 | 20220921132729.37 | |
| 010 | @a978-7-112-27095-8@dCNY45.00 | |
| 100 | @a20220308d2022 em y0chiy50 ea | |
| 101 | 0 | @achi |
| 102 | @aCN@b110000 | |
| 105 | @ay z 000yy | |
| 200 | 1 | @a房地产交易制度政策@Afang di chan jiao yi zhi du zheng ce@f王全民主编@g中国房地产估价师与房地产经纪人学会编写 |
| 205 | @a第4版 | |
| 210 | @a北京@c中国建筑工业出版社@d2022.02 | |
| 215 | @a276页@d23cm | |
| 225 | 2 | @a全国房地产经纪人职业资格考试用书@Aquan guo fang di chan jing ji ren zhi ye zi ge kao shi yong shu |
| 330 | @a本书共分为9章, 第一章房地产业及相关法规政策, 第二章房地产基本制度与房地产权利, 第三章房地产转让相关制度政策, 第四章新建商品房销售相关制度政策, 第五章房屋租赁相关制度政策, 第六章个人住房贷款相关制度政策, 第七章房地产交易税费相关制度政策, 第八章不动产登记相关制度政策, 第九章房地产广告相关制度政策。 | |
| 410 | 0 | @12001 @a全国房地产经纪人职业资格考试用书 |
| 606 | 0 | @a房地产业@Afang di chan ye@x经济制度@y中国@x资格考试@j自学参考资料 |
| 606 | 0 | @a房地产业@Afang di chan ye@x经济政策@y中国@x资格考试@j自学参考资料 |
| 690 | @aF299.233.5@v5 | |
| 690 | @aF299.2@v4 | |
| 701 | 0 | @a王全民@Awang quan min@4主编 |
| 712 | 02 | @a中国房地产估价师与房地产经纪人学会@Azhong guo fang di chan gu jia shi yu fang di chan jing ji ren xue hui@4编写 |
| 801 | 0 | @aCN@c20220910 |
| 905 | @a河南城建学院图书馆@dF299.2@eW314=4@f2 | |
| 房地产交易制度政策/王全民主编/中国房地产估价师与房地产经纪人学会编写.-第4版.-北京:中国建筑工业出版社,2022.02 |
| 276页;23cm.-(全国房地产经纪人职业资格考试用书) |
| ISBN 978-7-112-27095-8:CNY45.00 |
| 本书共分为9章, 第一章房地产业及相关法规政策, 第二章房地产基本制度与房地产权利, 第三章房地产转让相关制度政策, 第四章新建商品房销售相关制度政策, 第五章房屋租赁相关制度政策, 第六章个人住房贷款相关制度政策, 第七章房地产交易税费相关制度政策, 第八章不动产登记相关制度政策, 第九章房地产广告相关制度政策。 |
| ● |
| 相关链接 |
|
|
|
正题名:房地产交易制度政策
索取号:F299.2/W314=4
 
预约/预借
| 序号 | 登录号 | 条形码 | 馆藏地/架位号 | 状态 | 备注 |
| 1 | 1579347 | 215793470 | 社科库409/409社科库 114排2列3层/ [索取号:F299.2/W314=4] | 在馆 | |
| 2 | 1579348 | 215793489 | 社科库409/409社科库 114排2列3层/ [索取号:F299.2/W314=4] | 在馆 |